zpět

Detail výsledku týmu

Restaurace Na Radnici, Tršice

Datum a čas kvízu

35 Celkem bodů Celkový počet nahraných bodů na tomto kvízu bez doplňovacích otázek.
5. Pořadí na kvízu Konečné umístění týmu na tomto kvízu.

Zaznamenané odpovědi

# Otázka Odpověď Body Výsledky
1. Který muž jako teprve druhý Če... Jan Lipavský 1
2. Ve které zemi minulý týden pro... v Íránu 0
3. Britský rapper Stormzy vydal m... Usain Bolt 1
4. V pondělí rozhodl soud, že jed... Goodyear 1
5. Jedna bývalá česká sportovkyně... Gabriela Soukalová 1
6. Vítězné téma facebookového hla... C. Attlee, H. Truman, Stalin 0.5
7. Vyberte název první umělé vesm... C 1
8. Kdo dne 5. ledna 1968 nahradil... Alexandr Dubček 1
9. V roce 1988 došlo nad skotským... Muammar Kaddáfí 1
10. Seřaďte níže vypsané události... 1A 2D 3C 4B 0